Statistics for Countries by Pro Cyclists

Click here to take the quiz!

General Stats

  • This quiz has been taken 26 times
  • The average score is 24 of 40

Answer Stats

HintAnswer% Correct
Julian Alaphilippe | Thibaut PinotFrance
95%
Remco Evenpoel | Wout van AertBelgium
86%
Mathieu van der Poel | Fabio JakobsenNetherlands
86%
Mark Cavendish | Geraint ThomasUnited Kingdom
86%
Nairo Quintana | Rigoberto UranColombia
82%
Jonas Vingegaard | Michael MorkovDenmark
82%
Marta Cavalli | Elisa BalsamoItaly
82%
Annemiek van Vleuten | Marianne VosNetherlands
82%
Joao Almeida | Rui CostaPortugal
82%
Tadej Pogacar | Primoz RoglicSlovenia
82%
Caleb Ewan | Jay VineAustralia
77%
Richard Carapaz | Jhonnatan NarvaezEcuador
68%
Katarzyna Niewiadoma | Marta LachPoland
68%
Tom Pidcock | Simon YatesUnited Kingdom
68%
Grace Brown | Alexandra ManlyAustralia
64%
Daniel Martinez | Miguel Angel LopezColombia
64%
Lotte Kopecky | Julia de WildeBelgium
59%
Michael Woods | Hugo HouleCanada
59%
Emmanuel Buchmann | Lennard KamnaGermany
59%
Alexander Kristoff | Tobias FossNorway
59%
Jaakko Hanninen | Anniina AhtosaloFinland
55%
Alejandro Valverde | Enric MasSpain
55%
Sepp Kuss | Kristen FaulknerUnited States of America
55%
Magnus Sheffield | Brandon McNultyUnited States of America
55%
Tim Merlier | Quinten HermansBelgium
50%
Valentin Madouas | Clara CopponiFrance
50%
Filippo Ganna | Matteo CattaneoItaly
50%
Alexey Lutsenko | Yevgeniy FedorovKazakhstan
50%
Christine Majerus | Bob JungelsLuxembourg
50%
Stefan Kung | Mauro SchmidSwitzerland
50%
Biniam Girmay | Amanuel GebreigzabhierEritrea
45%
Sam Bennett | Edward DunbarIreland
45%
Daryl Impey | Louis MeintjiesSouth Africa
45%
Jan Hirt | Josef CernyCzechia
36%
Blanka Vas | Attila ValterHungary
36%
Toms Skujins | Emils LiepinsLatvia
36%
Niamh Fisher-Black | Patrick BevinNew Zealand
32%
Marco Haller | Felix GallAustria
27%
Omer Shapira | Guy NivIsrael
27%
Elise Chabbey | Marlen ReusserSwitzerland
23%

Score Distribution

Percentile by Number Answered

Percent of People with Each Score

Your Score History

You have not taken this quiz